Ako pracujú americké súdy

Gespeichert in:
Bibliographische Detailangaben
Format: Buch
Sprache:Slowakisch
Veröffentlicht: Bratislava United States Embassy 2000
Schlagworte:
Tags: Tag hinzufügen
Keine Tags, Fügen Sie das erste Tag hinzu!

MARC

LEADER 00000nam a2200000 4500
001 c124549
005 20221108082615.6
041 0 |a slo 
044 |a SK 
245 1 0 |a Ako pracujú americké súdy 
264 1 |a Bratislava  |b United States Embassy  |c 2000 
300 |a 51 s. 
610 2 0 |a súdnictvo 
610 2 0 |a súdy 
610 2 0 |a systémy právne 
610 2 0 |a právo 
610 2 0 |a sudcovia 
610 2 0 |a etika 
610 2 0 |a USA